Komplexné vyhodnocovanie variantov prostredníctvom metód triedy Promethee diplomová práca

Na minha lista:
Detalhes bibliográficos
Autor principal: Dubecová, Ildikó
Autor Corporativo: Fakulta hospodárskej informatiky EU. Katedra operačného výskumu a ekonometrie
Outros Autores: Pekár, Juraj, 1972-
Formato: Livro
Idioma:eslovaco
Publicado em: Bratislava 2009
Tags: Adicionar Tag
Sem tags, seja o primeiro a adicionar uma tag!

MARC

LEADER 00000nam$a2200000$$$4500
001 0097051
005 20240318134117.8
041 0 |a slo 
044 |a SK 
245 1 0 |a Komplexné vyhodnocovanie variantov prostredníctvom metód triedy Promethee  |b diplomová práca  |c Ildikó Dubecová ; škol. Juraj Pekár 
264 1 |a Bratislava  |c 2009 
300 |a 54 s. 
100 1 |a Dubecová, Ildikó 
700 1 |a Pekár, Juraj, 1972- 
710 2 |a Fakulta hospodárskej informatiky EU. Katedra operačného výskumu a ekonometrie